Normal view MARC view

Entry Personal Name

Number of records used in: 2

001 - CONTROL NUMBER

  • control field: 67855

003 - CONTROL NUMBER IDENTIFIER

  • control field: dpl

005 - DATE AND TIME OF LATEST TRANSACTION

  • control field: 20240627124636.0

008 - FIXED-LENGTH DATA ELEMENTS

  • fixed length control field: 240627|| aca||aabn | a|a d

040 ## - CATALOGING SOURCE

  • Original cataloging agency: dpl
  • Transcribing agency: dpl

100 ## - HEADING--PERSONAL NAME

  • Personal name: Redahan, Eoin

670 ## - SOURCE DATA FOUND

  • Source citation: Work cat.: (dpl)203787: Redahan, Eoin, Arun and The Royal Rumpus/, 2024

© Delhi Public Library
Hit Counter
free hit counter